Savitri : (Record no. 64082)

MARC details
000 -LEADER
fixed length control field 00551nam a22001577a 4500
005 - DATE AND TIME OF LATEST TRANSACTION
control field 2012031604464.0
020 ## - INTERNATIONAL STANDARD BOOK NUMBER
International Standard Book Number 8170584019
Terms of availability 300.00
035 ## - SYSTEM CONTROL NUMBER
System control number A-711558
037 ## - SOURCE OF ACQUISITION
Stock number DPL
Source of stock number/acquisition ENG
100 ## - MAIN ENTRY--PERSONAL NAME
Personal name Sri Aurobindo
245 ## - TITLE STATEMENT
Title Savitri :
Remainder of title A legend and a symbol /
Statement of responsibility, etc by Sri Aurobindo
260 ## - PUBLICATION, DISTRIBUTION, ETC. (IMPRINT)
Place of publication, distribution, etc Pondicherry
Name of publisher, distributor, etc Sri Aurobindo Ashram
Date of publication, distribution, etc 1993
300 ## - PHYSICAL DESCRIPTION
Extent 725p.
Dimensions 22 cms.
942 ## - ADDED ENTRY ELEMENTS (KOHA)
Source of classification or shelving scheme Dewey Decimal Classification
Item type English Books
Classification part 181.499
Call number suffix AUR
Holdings
Withdrawn status Lost status Not for loan Collection code Home library Current library Date acquired Cost, normal purchase price Full call number Barcode Cost, replacement price Koha item type
      Non-fiction Sarojini Nagar Sarojini Nagar 16/03/2012 300.00 181.499 AUR A-711558 300.00 English Books

© Delhi Public Library
Hit Counter
free hit counter